000 00416nam a2200169Ia 4500
008 121026t1992 xxu||||| |||| 00| 0 sin d
041 _asin
080 _aX8S1
_bAKU
100 _aPremila Akurugoda
245 _aදෝංකාරය
246 _aDonkaraya
260 _bAnjali Prakashana
_aPanadura
_c1992
300 _b47p., 20 cm
942 _cBK
999 _c75472
_d75472
003 LK-CoDNM
040 _aLK-CoDNM
_dLK-CoDNM
_eLK-CoDNM